Einheiten - Statistiken

Allgemein
  • Dieses Quiz wurde 163 mal gespielt
  • Das Durchschnittsergebnis liegt bei 19 aus 40
Antwortstatistiken
Antwort % Korrekt
Meter
93%
Kilometer
82%
Zentimeter
81%
Dezimeter
80%
Millimeter
80%
Gramm
77%
Kilogramm
77%
Tonne
70%
Milligramm
64%
Volt
61%
Ampere
55%
Sekunde
55%
Minute
53%
Stunde
53%
Ohm
52%
Watt
51%
Hektar
50%
Tag
50%
Jahr
49%
Monat
49%
Quadratmeter
49%
Kubikmeter
48%
Millisekunde
48%
Woche
48%
Quadratkilometer
41%
Quadratmillimeter
40%
Quadratzentimeter
40%
Kubikdezimeter
39%
Kubikzentimeter
39%
Quadratdezimeter
39%
Kubikmillimeter
38%
Kubikkilometer
36%
Joule
34%
Ar
30%
Grad Celsius
23%
Grad Fahrenheit
19%
Kilotonne
17%
Grad Kelvin
15%
Kilowattstunde
9%
Kilometer pro Stunde
5%
Keine übereinstimmenden Quizze gefunden
Verteilung der Resultate
Anzahl Personen mit jedem Resultat
Perzentil nach korrekt beantworteten Fragen
Ihre Resultats-Entwicklung
Sie haben dieses Quiz noch nicht gespielt